000 00457pam a2200133a 44500
008 230405s xxu||||| |||| 00| 0 eng d
041 _aENG
100 _aCSIR
245 _aTHEWEALTH OF INDIA A DICTIONARY OF INDIAN RAW MATERIALS & INDUSTRIALPRODUCTS FIRST SUPPLEMENT SERIES ( RAW MATERIALS ) VOL 2:CLCY
250 _a1 2004
260 _aNEW DELHI
_bNATIONAL INSTITUTE OF SCIENCE COMMUNICATION AND IN NEW DELHI
_c
650 _aPHARMACOGNOSY
906 _a1236
999 _c276507
_d276507